书目信息 |
| 题名: |
推进国家治理体系和治理能力现代化六讲
|
|
| 作者: | 张小劲 , 于晓虹 编著 | |
| 分册: | ||
| 出版信息: | 北京 人民出版社 2014 |
|
| 页数: | 211页 | |
| 开本: | 23cm | |
| 丛书名: | ||
| 单 册: | ||
| 中图分类: | D630.1 | |
| 科图分类: | ||
| 主题词: | 国家--Guo Jia--行政管理--中国--学习参考资料 | |
| 电子资源: | ||
| ISBN: | 978-7-01-013373-7 | |
| 000 | 01088nam0 22002411 450 | |
| 001 | 350200 | |
| 005 | 20161008162823.62 | |
| 010 | @a978-7-01-013373-7@dCNY28.00 | |
| 100 | @a20140506d2014 em y0chiy50 ea | |
| 101 | 0 | @achi |
| 102 | @aCN@b110000 | |
| 105 | @ay z 000yy | |
| 106 | @ar | |
| 200 | 1 | @a推进国家治理体系和治理能力现代化六讲@ATui Jin Guo Jia Zhi Li Ti Xi He Zhi Li Neng Li Xian Dai Hua Liu Jiang@f张小劲,于晓虹编著 |
| 210 | @a北京@c人民出版社@d2014 | |
| 215 | @a211页@d23cm | |
| 330 | @a本书结合习近平总书记的重要讲话,依托国内外学界对治理问题的研究积累的理论成果及我国建设中国特色社会主义过程中的实践成果,对十八届三中全会中治理的定位、国家治理、社会治理、地方治理、全球治理、治理技术及治理能力六个方面,理论联系实际,通俗易懂地介绍了推进国家治理体系和治理能力现代化的必要性、紧迫性及需要完善的方面。 | |
| 606 | 0 | @a国家@AGuo Jia@x行政管理@y中国@j学习参考资料 |
| 690 | @aD630.1@v5 | |
| 701 | 0 | @a张小劲@AZhang Xiao Jin@f(1958~)@4编著 |
| 701 | 0 | @a于晓虹@AYu Xiao Hong@c(女,@f1976~)@4编著 |
| 801 | 0 | @aCN@bTANGWEI@c20160803 |
| 905 | @b0888825-9@dD630.1@e240@f5 | |
| 推进国家治理体系和治理能力现代化六讲/张小劲,于晓虹编著 .-北京:人民出版社,2014 |
| 211页;23cm |
| ISBN 978-7-01-013373-7:CNY28.00 |
| 本书结合习近平总书记的重要讲话,依托国内外学界对治理问题的研究积累的理论成果及我国建设中国特色社会主义过程中的实践成果,对十八届三中全会中治理的定位、国家治理、社会治理、地方治理、全球治理、治理技术及治理能力六个方面,理论联系实际,通俗易懂地介绍了推进国家治理体系和治理能力现代化的必要性、紧迫性及需要完善的方面。 |
| ● |
| 相关链接 |
|
|
|
|
正题名:推进国家治理体系和治理能力现代化六讲
索取号:D630.1/240
 
预约/预借
| 序号 | 登录号 | 条形码 | 馆藏地/架位号 | 状态 | 备注 |
| 1 | 0888825 | 208888257 | 第一样本阅览室/ [索取号:D630.1/240] | 在馆 | |
| 2 | 0888826 | 208888266 | 第一借阅区/ [索取号:D630.1/240] | 在馆 | |
| 3 | 0888827 | 208888275 | 第一借阅区/ [索取号:D630.1/240] | 在馆 | |
| 4 | 0888828 | 208888284 | 第一借阅区/ [索取号:D630.1/240] | 在馆 | |
| 5 | 0888829 | 208888293 | 第一借阅区/ [索取号:D630.1/240] | 在馆 |